000 01016nam a22002537a 4500
005 20170124103039.0
010 _aB-005398
020 _c95.00
035 _aB-005398
037 _bCen Lib/Ret
040 _aDPL
_bHN
082 _a
_bआचार्या
100 _aआचार्या, इन्दिरा
_942466
245 _aमुक्तिदंश /
_cइन्दिरा आचार्या
246 _aMuktidansh /
_bby Indra Acharya
260 _aदिल्ली
_bप्रेम प्रकाशन मंदिर
_c1999
270 _a3014, बल्लीमारान
_bदिल्ली
_e110006
300 _a96पृ.
_c21सेमी (सजिल्द)
650 _a हिन्दी साहित्य
_966722
650 _a हिन्दी साहित्य --कहानियाँ
_966723
650 _aHindi literature
_966724
650 _aHindi literature --Stories
_966725
942 _2ddc
_cHN
_h
_mआचार्या
999 _c116470
_d116470